Prínos aplikácie outsourcingu vo vybranom podniku bakalárska práca

Enregistré dans:
Détails bibliographiques
Auteur principal: Čarnecký, Miroslav
Collectivité auteur: Fakulta podnikového manažmentu EU. Katedra manažmentu
Autres auteurs: Pfundtnerová, Martina
Format: Livre
Langue:slovaque
Publié: Bratislava 2013
Tags: Ajouter un tag
Pas de tags, Soyez le premier à ajouter un tag!

MARC

LEADER 00000nbm a2200000 4500
001 0192288
005 20170308140906.8
041 0 |a slo 
044 |a SK 
245 1 0 |a Prínos aplikácie outsourcingu vo vybranom podniku  |b bakalárska práca  |c Miroslav Čarnecký ; školiteľ: Martina Pfundtnerová 
264 1 |a Bratislava  |c 2013 
300 |a 47 s. 
100 1 |a Čarnecký, Miroslav 
700 1 |a Pfundtnerová, Martina 
710 2 |a Fakulta podnikového manažmentu EU. Katedra manažmentu